000
00211 a2200097 4500
001
11904
100
_a
Kahin, G
245
_a
Major government of Asia
260
_a
_b
Cornell University
_c
090
_c
9158
_d
9158
942
_a
NUST-CAE
_c
M
_c
35998
999
_c
246977
_d
246977